Szczegóły MARC21

Change by design : how design thinking transforms organizations and inspires innovation /

003 -Nazwa inst., której nr kontr. jest w polu 001 [,]
    • @
    • Nazwa instytucji, której n kontrolny jest w polu 001
    • NUKAT
005 -DATA I CZAS OSTATNIEJ MODYFIKACJI [,]
    • @
    • pole kontrolne
    • 20241231102834.0
020 -Międzynarod. znormalizowany nr książki - ISBN [ , ]
    • a
    • Numer ISBN
    • 9780061766084 Find
040 -Instytucja sporządzająca opis [ , ]
    • a
    • Instytucja, która sporządziła opis (NP)
    • POZN 004/LK
    • c
    • Instytucja, która sporządziła rekord (NP)
    • POZN 004/LKs
    • d
    • Instytucja, która zmodyfikowała rekord (P)
    • SZCZ M/HS
    • d
    • Instytucja, która zmodyfikowała rekord (P)
    • SZCZ U/JS
942 -Rodzaj dokumentu [ , ]
    • c
    • Rodzaj dokumentu
    • Książka
100 -Hasło główne - nazwa osobowa [1, ]
    • a
    • Nazwa osobowa (NP)
    • Brown, Tim
    • c
    • Dopowiedzenie inne niż daty biograficzne (P)
    • (wzornictwo przemysłowe).
    • 9
    • KHW
    • 69536
240 -Tytuł ujednolicony [1,0]
    • a
    • Tytuł ujednolicony
    • Change by design
    • l
    • Język tekstu
    • (ang.)
    • 9
    • KHW
    • 69539
245 -Strefa tytułu i oznaczenia odpowiedzialności [1,0]
    • a
    • Tytuł
    • Change by design : Find
    • b
    • Ciąg dalszy tytułu (NP)
    • how design thinking transforms organizations and inspires innovation / Find
    • c
    • Pozostałe elementy strefy tytułu i oznaczenia odpowiedzialności (NP)
    • Tim Brown with Barry Katz.
260 -Strefa adresu wydawniczego [ , ]
    • a
    • Miejsce wydania (P)
    • New York :
    • b
    • Nazwa wydawcy (P)
    • Harper Business,
    • c
    • Data wydania (P)
    • 2009.
300 -Strefa opisu fizycznego [ , ]
    • a
    • Określenie formy książki i/lub objętość (NP)
    • VIII, 264 s. :
    • b
    • Oznaczenie ilustracji (NP)
    • il. ;
    • c
    • Format (NP)
    • 24 cm.
336 -Typ zawartości [ , ]
    • a
    • Termin opisujący typ zawartości
    • Tekst
    • b
    • Kod określający zawartość
    • txt
    • 2
    • Źródło (terminu i kodu)
    • rdacontent
337 -Typ mediów [ , ]
    • a
    • Tryb odtwarzania
    • Bez urządzenia pośredniczącego
    • b
    • Kod typu mediów
    • n
    • 2
    • Źródło (terminu i kodu)
    • rdamedia
338 -Typ/rodzaj nośnika [ , ]
    • a
    • Hasło opisujące typ nośnika
    • Wolumin
    • b
    • Kod typu nośnika
    • nc
    • 2
    • Źródło (terminu i kodu)
    • rdacarrier
504 -Uwaga dot. bibliogr. załącznikowej [ , ]
    • a
    • Uwaga dot. bibliografii załącznikowej
    • Indeks.
080 -Uniwersalna Klasyfikacja Dziesiętna [ , ]
    • 2
    • Identyfikator wydania tablic
    • UDC-P058
    • 9
    • UKD
    • 5973
    • a
    • Symbol klasyfikacji
    • 7.05
    • b
    • Dopowiedzenie
    • Zastosowanie sztuki w przemyśle i życiu codziennym. Wzornictwo przemysłowe.
    • 4
    • UKD2
    • 7644
    • x
    • Poddział wspólny
    • =111
    • c
    • Dopowiedzenie poddz. wspólnego
    • =Język angielski.
080 -Uniwersalna Klasyfikacja Dziesiętna [ , ]
    • 2
    • Identyfikator wydania tablic
    • UDC-P058
    • 9
    • UKD
    • 5632
    • a
    • Symbol klasyfikacji
    • 658.512
    • b
    • Dopowiedzenie
    • Plany operacyjne. Ustalanie kolejności. Routing. Planowanie produkcji. Industrial desing. Przygotowanie produkcji.
    • 4
    • UKD2
    • 7644
    • x
    • Poddział wspólny
    • =111
    • c
    • Dopowiedzenie poddz. wspólnego
    • =Język angielski.
080 -Uniwersalna Klasyfikacja Dziesiętna [ , ]
    • 2
    • Identyfikator wydania tablic
    • UDC-P058
    • 9
    • UKD
    • 2210
    • a
    • Symbol klasyfikacji
    • 005.7
    • b
    • Dopowiedzenie
    • Zarządzanie. Zarządzanie organizacyjne.
    • 4
    • UKD2
    • 7644
    • x
    • Poddział wspólny
    • =111
    • c
    • Dopowiedzenie poddz. wspólnego
    • =Język angielski.
650 -Hasło przedmiotowe [ ,7]
    • a
    • Hasło przedmiotowe
    • Innowacje organizacyjne.
    • 2
    • Źródło terminu
    • kaba
    • 9
    • KHW
    • 112054
650 -Hasło przedmiotowe [ ,7]
    • a
    • Hasło przedmiotowe
    • Wzornictwo przemysłowe.
    • 2
    • Źródło terminu
    • kaba
    • 9
    • KHW
    • 136832
980 -Symbol UKD [ , ]
    • a
    • UKD
    • 7.05:658.512:005.7]=111
700 -Hasło dodatkowe - nazwa osobowa [1, ]
    • a
    • Nazwa osobowa (NP)
    • Kātz, Barry Find
    • d
    • Daty biograficzne (NP)
    • (1950- ).
    • 9
    • KHW
    • 69537
710 -Hasło dodatkowe - nazwa ciała zbiorowego [2, ]
    • a
    • Nazwa ciała zbiorowego lub nazwa geograficzna jako pierwszy element (NP)
    • HarperBusiness.
    • 4
    • Kod relacji
    • pbl
    • 9
    • KHW
    • 65682
920 -ISBN [ , ]
    • a
    • ISBN
    • 978-0-06-176608-4 Find
Data inwentaryzacji Obwoluta Lokalizacja Numer inwentarzowy Status udost.
2014-02-191TT.14806-2